Beyond waist-hip ratio : Experimental multivariate evidence that average women's torsos are most attractive /

में बचाया:
ग्रंथसूची विवरण
मुख्य लेखक: Donohoe, Misha L.
अन्य लेखक: Brooks, Robert C., Hippel, William von.
स्वरूप: लेख
भाषा:English
विषय:
टैग : टैग जोड़ें
कोई टैग नहीं, इस रिकॉर्ड को टैग करने वाले पहले व्यक्ति बनें!
Thư viện lưu trữ: Thư viện Trường Đại học Đà Lạt
LEADER 00990nam a2200313 4500
001 DLU090097941
005 ##20091201
040 # # |a DLU  |b eng 
041 # # |a eng 
044 # # |a uk 
100 # # |a Donohoe, Misha L.  
245 # # |a Beyond waist-hip ratio : Experimental multivariate evidence that average women's torsos are most attractive /  |c Misha L. Donohoe, William von Hippel, Robert C. Brooks. 
653 # # |a Attractiveness 
653 # # |a Multivariate selection 
653 # # |a Response surface 
653 # # |a Selection analysis 
653 # # |a Torso 
700 # # |a Brooks, Robert C. 
700 # # |a Hippel, William von. 
773 # # |t Behavioral ecology  |g Vol. 20, no. 4 (July-August 2009), p. 716-721 
920 # # |a Phòng Tạp chí -- Trung tâm Thông tin - Thư viện Trường Đại học Đà Lạt 
994 # # |a DLU 
900 # # |a True 
911 # # |a Trương Bảo Trâm Anh 
925 # # |a G 
926 # # |a A 
927 # # |a BB 
980 # # |a Thư viện Trường Đại học Đà Lạt